Online
Catalog

La poesia di Giovanni Pascoli : (Record no. 17908)

MARC details
000 -CABECERA
campo de control de longitud fija 00810cam a2200241 a 4500
001 - NÚMERO DE CONTROL
campo de control 000018387
005 - FECHA Y HORA DE LA ÚLTIMA TRANSACCIÓN
campo de control 20200929165503.0
008 - DATOS DE LONGITUD FIJA--INFORMACIÓN GENERAL
campo de control de longitud fija 760213s1968 it 000 pbita d
040 ## - FUENTE DE LA CATALOGACIÓN
Centro catalogador/agencia de origen DO-SdBNP
Lengua de catalogación ita
Centro/agencia transcriptor LC
Centro/agencia modificador BNPHU
042 ## - CÓDIGO DE AUTENTICACIÓN
Código de autenticación premarc
082 ## - NÚMERO DE LA CLASIFICACIÓN DECIMAL DEWEY
Número de clasificación 851.912
Número de documento/Ítem C387p
049 ## - FONDOS LOCALES (OCLC)
Fondos de biblioteca BNGR
100 1# - ENTRADA PRINCIPAL--NOMBRE DE PERSONA
Nombre de persona Cecchi, Emilio,
Fechas asociadas al nombre 1884-1966
9 (RLIN) 39817
245 13 - MENCIÓN DE TÍTULO
Título La poesia di Giovanni Pascoli :
Resto del título con altri scritti pascoliani (1911-1962) /
Mención de responsabilidad, etc. Emilio Cecchi.
260 ## - PUBLICACIÓN, DISTRIBUCIÓN, ETC.
Lugar de publicación, distribución, etc. Milano :
Nombre del editor, distribuidor, etc. Garzanti,
Fecha de publicación, distribución, etc. 1968.
300 ## - DESCRIPCIÓN FÍSICA
Extensión 251 p. ;
Dimensiones 22 cm.
490 1# - MENCIÓN DE SERIE
Mención de serie Saggi
600 10 - PUNTO DE ACCESO ADICIONAL DE MATERIA--NOMBRE DE PERSONA
Nombre de persona PASCOLI, GIOVANNI,
Fechas asociadas al nombre 1855-1912
Subdivisión general CRÍTICA E INTEPRETACIÓN
9 (RLIN) 39818
650 #4 - PUNTO DE ACCESO ADICIONAL DE MATERIA--TÉRMINO DE MATERIA
Término de materia o nombre geográfico como elemento de entrada Poesía italiana
Subdivisión general Historia y crítica
9 (RLIN) 39819
650 #4 - PUNTO DE ACCESO ADICIONAL DE MATERIA--TÉRMINO DE MATERIA
Término de materia o nombre geográfico como elemento de entrada Literatura italiana
Subdivisión general Historia y crítica
9 (RLIN) 39820
830 #0 - PUNTO DE ACCESO ADICIONAL DE SERIE-TÍTULO UNIFORME
Título uniforme Saggi
9 (RLIN) 39821
910 ## - DATOS DE OPCIÓN DEL USUARIO (OCLC)
Datos de opción del usuario Catalogación derivada / LC
Holdings
Estado de retiro Estado de pérdida Restricciones de uso No para préstamo Código de colección Localización permanente Ubicación/localización actual Ubicación en estantería Fecha de adquisición Número de inventario Total de préstamos Signatura topográfica completa Código de barras Fecha visto por última vez Precio válido a partir de Tipo de ítem Koha
    Préstamo interno   Monografías: Libros y Folletos General General En catalogación 30.04.2010 LF1   851.912 C387p 18387-10 25.06.2020 25.06.2020 Préstamo interno

Powered by Koha